United States & Confederate States (Erivan collection) Auction 2017 (Record no. 3036)

000 -LEADER
fixed length control field 00328nam a22000977a 4500
008 - FIXED-LENGTH DATA ELEMENTS--GENERAL INFORMATION
fixed length control field 200120b ||||| |||| 00| 0 eng d
100 ## - MAIN ENTRY--AUTHOR'S NAME
Author's Name H. R. Harmer Auctions
245 ## - TITLE STATEMENT
Title United States & Confederate States (Erivan collection) Auction 2017
260 ## - PUBLICATION, DISTRIBUTION, ETC. (IMPRINT)
Name of publisher, distributor, etc. H.R. Harmer
Date of publication, distribution, etc. 2017
650 ## - TOPICAL TERM (Tag)
Topical term or geographic name Postal History; United States; Confederate States
Holdings
Withdrawn status Lost status Source of classification or shelving scheme Damaged status Koha normalized classification for sorting Not for loan Permanent Location Current Location Shelving location Date acquired Total Checkouts Full call number Barcode Date last seen Copy number Price effective from Koha item type Public note
        G3701 P856 H2877   Northern Philatelic Library Northern Philatelic Library General Stacks 01/20/2020   G3701 P856 H2877 1005448 01/20/2020 1 01/20/2020 Auction Catalogs Aug. 5, 2017

Powered by Koha